• 首页
  • 本馆介绍
  • 公告通知
  • 最新文献
  • 馆藏检索
  • 电子资源
  • 读者导购
  • 参考咨询
  • 我的图书馆
  • 登录
  • 详细信息显示
  • 放入我的书架
  • 预约/预借图书
  • 作者相关作品
  • 分类相关作品
  • 丛书相关作品
  • 出版社相关作品

书目信息

  • 表格格式
  • 工作单格式
  • 卡片格式
题名:
海之边缘
    
 
作者: 卡森 著 ;徐依含 , 唐顺艳 译
分册:  
出版信息: 北京   海洋出版社  2017.02
页数: 209页
开本: 24cm
丛书名: 世界经典海洋作品译丛
单 册:
中图分类: P748-49
科图分类:
主题词: 海岸带--生态系--普及读物
电子资源:
ISBN: 978-7-5027-9625-9
000 00958oam2 2200277 450
001 4322
005 20181011100158.57
010    @a978-7-5027-9625-9@dCNY45.00
100    @a20170328d2017 em y0chiy50 ea
101 1  @achi@ceng
102    @aCN@b110000
105    @aa z 000yy
200 1  @a海之边缘@9hai zhi bian yuan@f(美)蕾切尔·卡森著@g徐依含,唐顺艳译
210    @a北京@c海洋出版社@d2017.02
215    @a209页@c图@d24cm
225 1  @a世界经典海洋作品译丛
330    @a本书全面地展开了对海岸生态系统的介绍,讲述了潮汐与陆地的相互地质作用,岩石、沙滩、珊瑚这三种海滨生态类型的特征和美丽。
461  0 @12001 @a世界经典海洋作品译丛
510 1  @aEdge of the sea@zeng
606 0  @a海岸带@x生态系@j普及读物
690    @aP748-49@v5
701  0 @c(美)@a卡森@9ka sen@c(女,Carson, Rachel L.@f1907-1964)@4著
702  0 @a徐依含@9xu yi han@4译
702  0 @a唐顺艳@9tang shun yan@4译
801  0 @aCN@b91MARC@c20170328
905    @aMuseLib@dP748-49@e97
    
    海之边缘/(美)蕾切尔·卡森著/徐依含,唐顺艳译.-北京:海洋出版社,2017.02
    209页:图;24cm.-(世界经典海洋作品译丛)
    
    
    ISBN 978-7-5027-9625-9:CNY45.00
    本书全面地展开了对海岸生态系统的介绍,讲述了潮汐与陆地的相互地质作用,岩石、沙滩、珊瑚这三种海滨生态类型的特征和美丽。
●
相关链接 在E读中查询图书 在五车中查询图书 在当当中查询图书 在豆瓣中查询图书


正题名:海之边缘     索取号:P748-49/97         预约/预借

序号 登录号 条形码 馆藏地/架位号 状态 备注
1 1124601   211246016   第二样本阅览室/ [索取号:P748-49/97] 在馆    
2 1124602   211246025   密集书库-生命科学系/ [索取号:P748-49/97] 在馆    
3 1124603   211246034   第三借阅区/ [索取号:P748-49/97] 在馆    
4 1124604   211246043   第三借阅区/ [索取号:P748-49/97] 在馆    
5 1124605   211246052   资源管理系资料室/ [索取号:P748-49/97] 在馆    
唐山师范学院图书馆 欢迎您!
大连网信软件有限公司© 版权所有